000 00274nam a2200097Ia 4500
001 1002914
005 20250826230439.0
008 250824s9999 xx 000 0 und d
245 0 _aYOUTUBER BERK ZORBALIK MI KANKALIK MI
_cAYŞEGÜL KOCABIÇAK
260 _bHEP KİTAP YAYINLARI
999 _c1002914
_d1002914